|
|
|
|
| LEADER |
01328njm a2200433 a 4500 |
| 001 |
000151653 |
| 003 |
CZ BrMZK |
| 005 |
19950101143423.0 |
| 008 |
950101s1996 xr f cze d |
| 028 |
0 |
1 |
|a 0322
|b Happy Music Production
|
| 040 |
|
|
|a BOA001
|b cze
|
| 080 |
|
|
|a 784.67(086.7)
|2 MRF
|
| 100 |
1 |
|
|a Černocká, Petra,
|d 1949-
|7 jn19990209121
|4 prf
|4 cmp
|4 lyr
|
| 245 |
1 |
0 |
|a Saxana - Dětem
|h [zvukový dokument] /
|c zpívá Petra Černocká.
|
| 246 |
3 |
3 |
|a Studně
|
| 246 |
3 |
3 |
|a Tygři v parku
|
| 246 |
3 |
3 |
|a Vánoční
|
| 246 |
3 |
3 |
|a Zapadá sluníčko
|
| 246 |
3 |
3 |
|a Hezká kočka
|
| 246 |
3 |
3 |
|a Husopasky
|
| 246 |
3 |
3 |
|a Jezevčík
|
| 246 |
3 |
3 |
|a Motýlí čas
|
| 246 |
3 |
3 |
|a Nechtěla vstávat
|
| 246 |
3 |
3 |
|a Ovečka
|
| 246 |
3 |
3 |
|a Pampeliška
|
| 246 |
3 |
3 |
|a Saxana
|
| 246 |
3 |
3 |
|a Strašidelná hospoda
|
| 260 |
|
|
|a Praha :
|b Happy Music Production,
|c p1996
|
| 300 |
|
|
|a 1 CD ;
|c 12 cm +
|e 1 brožura [8 s.].
|
| 306 |
|
|
|a 003633
|
| 500 |
|
|
|a Nahr. 1996
|
| 500 |
|
|
|a Durata 36:33
|
| 500 |
|
|
|a Některé texty písní v brožuře
|
| 505 |
2 |
|
|a Saxana, Studně, Motýlí čas...[et al.]
|
| 653 |
0 |
|
|a dětské písně
|
| 910 |
|
|
|a BOA001
|b CD-0003.902
|
| 964 |
|
|
|a Písně dětské
|x CD
|
| 990 |
|
|
|a AV
|
| 996 |
6 |
|
|b 261H003938
|c CD-0003.902
|l MZK
|r Sklad / do 24 hodin
|n 0
|p p.v.
|w 000151653
|u 000010
|a 1
|e BOA001
|j MZK50
|s P
|